000 04004nkm0a2200493 4500
001 RU\NLR\BIBL_A\011740828
005 20260406071127.0
035 _a(NLR Aleph) 011740828
090 _a13509108
_c13509108
100 _a20251228 rusy50
101 0 _arus
102 _aRU
116 _afiybxx xx ae
135 _acrcn 024anaba
200 1 _aМихаил Фокин. "Половецкие пляски"
_bИзоматериал
_e[открытка]
210 _a[Б. м.
_cб. и.
_dмежду 1909 и 1917]
215 _a1 л.
_cфотография
_d13,7х8,7
316 _aЭкз. РНБ на шифре Э ОП/Ф754, Эп23798: на адрес. стороне штамп антикварно-букинистического магазина, владел. штемпель: "Н.И. Алексеев"
_5NLR: Э ОП/Ф754
325 1 _aКопия доступна в электронной библиотеке РНБ
327 0 _aМ.М. Фокин в сцене из одноактного балета - хореографической картины из оперы А.П. Бородина "Князь Игорь"
600 1 _aФокин
_bМ.М.
_f1880 - 1942
_gМихаил Михайлович
_jОткрытки
_91076786
_3RU\NLR\AUTH\66101559
604 _1700#1$aБородин$bА.П.$gАлександр Порфирьевич$f1833 - 1887
_1500##$a"Половецкие пляски"$jОткрытки$2nlr_sh2$3RU\NLR\AUTH\6601646164
_3RU\NLR\AUTH\6601646164
_aБородин, Александр Порфирьевич (1833 - 1887)
_t"Половецкие пляски"
_jОткрытки
_92390746
606 1 _aПочтовые открытки маркированные художественные
_yРоссия
_z1895 - 1917
_92195710
_3RU\NLR\AUTH\6601555036
606 1 _aФотографические открытки
_92151039
_3RU\NLR\AUTH\661600135
610 1 _aПортретные открытки
686 1 _aЩ153(2Р=Рус)53-489
702 1 _aФокин
_bМ. М.
_f1880-1942
_gМихаил Михайлович
_4570
702 1 _4570
_8rus
_7ca
_aБородин
_bА. П.
_f1833-1887
_gАлександр Порфирьевич
_3RU\NLR\AUTH\7716261
_9125901
702 1 _4390
_aАлексеев
_bН. И.
_cколлекционер
_9143437
_3RU\NLR\AUTH\770143473
830 _aГраницы датировки открытки: 1909 - по первому исполнению "Половецких плясок"; 1917 - по дореформенной орфографии. А.Я. ОЭст
830 _a"1909 ... 19 мая. Париж ... Первое исполнение "Половецких плясок" из оперы "Князь Игорь"" (Михаил Фокин : [фотоальбом]. Санкт-Петербург : Арт Деко, 2011. (Легенды русского балета). С. 146, 149). А.Я. ОЭст
830 _a""ПОЛОВЕЦКИЕ ПЛЯСКИ", балетный фрагмент 2-го действия оперы А. П. Бородина "Князь Игорь". ... Как самостоят. одноактный балет, 19.5.1909, Русские сезоны, театр "Шатле", Париж, балетм. М. М. Фокин" (http://www.ballet-enc.ru/html/p/poloveckie-pl8ski.html, 09.10.2018). А.Я. ОЭст
852 0 0 _aNLR
_bЭ
_jОП/Ф754
_mЭп23798
856 0 _uhttp://vivaldi.nlr.ru/lo000071819/view
856 1 _uhttp://vivaldi.nlr.ru/lo000071819/cover
856 2 _uhttp://vivaldi.nlr.ru/lo000071819/text
901 _eИзографические материалы
942 _cVISUAL
980 _aNB
981 1 7 _a(17) Изографические материалы
_b(17) Открытки
_bПортреты